Science Quiz

Random Science or Clickable Quiz

Scientific Names Quiz Stats

Quiz not verified by Sporcle

Challenge
Share
Tweet
Embed
Score 0/20 Timer 06:00
0 Plays Today
% Correct
Ursus arctos middendorfi
78.9%
Gekko gecko
78.9%
Equus quagga
78.9%
Equus caballus
68.4%
Aedes aegypti
68.4%
Haliaeetus leucocephalus
63.2%
Nycticebus bengalensis
52.6%
Carcharhinus leucas
47.4%
Amphiprion ocellaris
47.4%
Ailurus fulgens
31.6%
% Correct
Buteo jamaicensis
31.6%
Carinotetraodon travancoricus
26.3%
Alces alces andersoni
26.3%
Phyllobates terribilis
26.3%
Solifugae
26.3%
Macrocheira kaempferi
21.1%
Eudyptes (chrysocome) moseleyi
10.5%
Acanthophis antarcticus
10.5%
Chlamyphorus truncatus
5.3%
Diomedea
0%

You're not logged in!

Compare scores with friends on all Sporcle quizzes.
Sign Up with Email
OR
Log In

You Might Also Like...

Show Comments

Extras

Top Quizzes Today


Score Distribution

Your Account Isn't Verified!

In order to create a playlist on Sporcle, you need to verify the email address you used during registration. Go to your Sporcle Settings to finish the process.